Biochimie : bases moléculaires de la structure et des fonctions cellulaires (Record no. 23096)

MARC details
000 -LEADER
fixed length control field 00483 a2200205 4500
020 ## - NUMERO INTERNATIONAL NORMALISE DES LIVRES
International Standard Book Number 2-257-250009-5
100 ## - VEDETTE PRINCIPALE - NOM DE PERSONNE
Personal name LEHNINGER, Albert
130 ## - VEDETTE PRINCIPALE - TITRE UNIFORME
Language of a work Fr.
260 ## - PUBLICATION, DISTRIBUTION, ETC. (IMPRINT)
Place of publication, distribution, etc Paris
260 ## - PUBLICATION, DISTRIBUTION, ETC. (IMPRINT)
Name of publisher, distributor, etc Flammarion Médecine Sciences
245 ## - TITLE STATEMENT
Title Biochimie : bases moléculaires de la structure et des fonctions cellulaires
260 ## - PUBLICATION, DISTRIBUTION, ETC. (IMPRINT)
Date of publication, distribution, etc 1979
250 ## - EDITION STATEMENT
Edition statement 2ème
300 ## - PHYSICAL DESCRIPTION
Extent 1088p.
650 ## - SUBJECT ADDED ENTRY--TOPICAL TERM
Topical term or geographic name as entry element biochimie
650 ## - SUBJECT ADDED ENTRY--TOPICAL TERM
Topical term or geographic name as entry element molécule
650 ## - SUBJECT ADDED ENTRY--TOPICAL TERM
Topical term or geographic name as entry element cellule
Holdings
Withdrawn status Lost status Damaged status Not for loan Location (home branch) Sublocation or collection (holding branch) Date acquired Koha issues (times borrowed) Koha full call number Koha date last seen Copy number Price effective from Koha item type Public note
        Bibliothèque-Centre de Documentation de la Faculté des Sciences Agronomiques Bibliothèque-Centre de Documentation de la Faculté des Sciences Agronomiques     GEN.1977.025 28/02/2009 1 28/02/2009 Livre A.0821


© 2008, Bibliothèques de l'Université d'Abomey-Calavi

04 BP 789 Cotonou, Tél. : +229 21 36 01 01, Fax : +229 21 35 06 32

Courriel : bu@bu.uac.bj